Paesi per densità di popolazione - Morte subita - Statistics

Statistiche generali
  • Questo quiz è stato fatto 70 volte
  • Il punteggio medio è 4 su 15
Answers on the Grid
Answers color-coded by a green-red scale on the quiz's grid according to % correct below.
Monaco
Singapore
Città del Vaticano
Bahrein
Malta
Maldive
Bangladesh
San Marino
Barbados
Palestina
Mauritius
Corea del Sud
Nauru
Libano
Ruanda
Belgio
Sri Lanka
Filippine
Regno Unito
Germania
Corea del Nord
Gambia
Cina
Francia
Turchia
Croazia
Samoa
Iran
Colombia
Mongolia
 
Statistiche sulle risposte
Risposta % Corretto
Singapore
54%
Monaco
43%
Bangladesh
41%
Città del Vaticano
38%
Bahrein
35%
San Marino
35%
Malta
24%
Nauru
22%
Maldive
19%
Palestina
19%
Ruanda
16%
Corea del Sud
14%
Mauritius
11%
Barbados
8%
Libano
5%
Nessun quiz corrispondente trovato
Distribuzione punteggi
Percentuale di utenti per punteggio
Percentile per numero di risposta
I tuoi punteggi nel tempo
Non hai fatto questo quiz